000 00569nam a2200181 i 4500
001 80290
003 ES-MaACL
007 t|
008 041027s1968 sp ||||1| spa d
245 0 0 _aHomenaje a Eugenio D'Ors.
260 _aMadrid :
_bEditora Nacional,
_c1968.
300 _aVII, 235 p., 6 lám. ;
_c25 cm.
500 _aPrecede al tit.: Academia del Faro de San Cristóbal.
700 1 _aOrs, Eugenio d',
_d1881-1954
_987358
710 2 _aAcademia del Faro de San Cristóbal.
_91191
852 _aES-MaACL
_jG-5514
_bR.65771
999 _c80290
_d80290